Лексико-стилістичний аналіз промов екс-президента США Р. Рейгана (Запис № 284133)

МАРК-запис
000 -LEADER
fixed length control field 02011nam a22001577a 4500
041 ## - LANGUAGE CODE
Language code of text/sound track or separate title ukr
080 ## - UNIVERSAL DECIMAL CLASSIFICATION NUMBER
Universal Decimal Classification number 09
090 ## - LOCALLY ASSIGNED LC-TYPE CALL NUMBER (OCLC); LOCAL CALL NUMBER (OCLC)
Local cutter number (OCLC) ; Book number/undivided call number, CALL (RLIN) ДІД
100 ## - MAIN ENTRY--PERSONAL NAME
Personal name Діденко І.Ф.
245 ## - TITLE STATEMENT
Title Лексико-стилістичний аналіз промов екс-президента США Р. Рейгана
260 ## - PUBLICATION, DISTRIBUTION, ETC. (IMPRINT)
Place of publication, distribution, etc Острог
Name of publisher, distributor, etc КАФ
Date of publication, distribution, etc 2009
300 ## - PHYSICAL DESCRIPTION
Extent 54
520 ## - SUMMARY, ETC.
Summary, etc ВСТУП<br/>РОЗДІЛ 1 ПОЛІТИЧНИЙ ДИСКУРС ТА ПОЛІТИЧНА ПРОМОВА ЯК ЇЇ ПРОЯВ<br/>1.1 Генезис поняття "дискурс".<br/>1.2 Місце політичних промов у системі родів і жанрів ораторського мистецтва.<br/>1.3 Суспільно-функціональні риси промов.<br/>1.4 Стилі політичних промов.<br/>РОЗДІЛ 2 ВИКОРИСТАННЯ ЛЕКСИКО-СТИЛІСТИЧНИХ ЗАСОБІВ У ПРОМОВАХ ЕКС-ПРЕЗИДЕНТА США Р. РЕЙГАНА. АСПЕКТ ПЕРЕКОНАННЯ<br/>2.1 Політична маніпуляція в США. Концепція американської винятковості.<br/>2.2 Мовні механізми впливу на свідомість на прикладі Інавгураційних промов екс-президента США Р. Рейгана.<br/>РОЗДІЛ 3 МЕТАФОРИЧНІ ОБРАЗИ У ПРОМОВАХ ЕКС-ПРЕЗИДЕНТА США Р. РЕЙГАНА<br/>3.1 Побудова іміджу політичного суперника: теоретична база та технології впровадження.<br/>3.1.1 Актуалізація образу ворога.<br/>3.1.2 "Імперія зла" як гасло доби.<br/>3.2 Метафори на позначення образу "Друзів".<br/>3.3 Метафоричні образи перешкод та їх подолання.<br/>ВИСНОВКИ
-- дискурс,Р.Рейган, промови
650 ## - SUBJECT ADDED ENTRY--TOPICAL TERM
Topical term or geographic name as entry element Research Papers
942 ## - ADDED ENTRY ELEMENTS (KOHA)
Koha item type Книги
Фонди
Withdrawn status Lost status Source of classification or shelving scheme Damaged status Not for loan Home library Current library Date acquired Source of acquisition Cost, normal purchase price Total Checkouts Full call number Barcode Date last seen Price effective from Koha item type
    Universal Decimal Classification     ВІЛ - Відділ іноземн. літератури НБ ВІЛ - Відділ іноземн. літератури НБ 16/04/2009 Акт №1 1.00   09 213405 20/12/2021 16/04/2009 Книги